| 000 -LEADER |
| fixed length control field |
00926cam a22003017i 4500 |
| 001 - CONTROL NUMBER |
| control field |
19591 |
| 003 - CONTROL NUMBER IDENTIFIER |
| control field |
BD-DhUAP |
| 005 - DATE AND TIME OF LATEST TRANSACTION |
| control field |
20200302154030.0 |
| 008 - FIXED-LENGTH DATA ELEMENTS--GENERAL INFORMATION |
| fixed length control field |
150112s2015 gw ab 000 0 eng d |
| 020 ## - INTERNATIONAL STANDARD BOOK NUMBER |
| International Standard Book Number |
9783836523301 |
| 040 ## - CATALOGING SOURCE |
| Original cataloging agency |
BD-DhUAP |
| Language of cataloging |
Eng |
| Description conventions |
BD-DhUAP |
| Transcribing agency |
BD-DhUAP |
| 082 04 - DEWEY DECIMAL CLASSIFICATION NUMBER |
| Edition number |
23 |
| Classification number |
728.809051 JOD |
| 100 1# - MAIN ENTRY--PERSONAL NAME |
| Personal name |
Jodidio, Philip. |
| 245 10 - TITLE STATEMENT |
| Title |
100 contemporary houses / |
| Statement of responsibility, etc. |
Philip Jodidio. |
| 264 #1 - PRODUCTION, PUBLICATION, DISTRIBUTION, MANUFACTURE, AND COPYRIGHT NOTICE |
| Place of production, publication, distribution, manufacture |
Cologne : |
| Name of producer, publisher, distributor, manufacturer |
Taschen, |
| Date of production, publication, distribution, manufacture, or copyright notice |
c2015. |
| 300 ## - PHYSICAL DESCRIPTION |
| Extent |
volumes : |
| Other physical details |
illustrations ; |
| Dimensions |
32 cm |
| 336 ## - CONTENT TYPE |
| Content type term |
text |
| Content type code |
txt |
| Source |
rdacontent |
| 336 ## - CONTENT TYPE |
| Content type term |
still image |
| Source |
rdacontent |
| 337 ## - MEDIA TYPE |
| Media type term |
unmediated |
| Media type code |
n |
| Source |
rdamedia |
| 338 ## - CARRIER TYPE |
| Carrier type term |
volume |
| Carrier type code |
nc |
| Source |
rdacarrier |
| 500 ## - GENERAL NOTE |
| General note |
Includes index. |
| 505 ## - FORMATTED CONTENTS NOTE |
| Formatted contents note |
V. 2-- |
| 546 ## - LANGUAGE NOTE |
| Language note |
Text in English, German and French. |
| 650 #0 - SUBJECT ADDED ENTRY--TOPICAL TERM |
| Topical term or geographic name entry element |
Architect-designed houses |
| General subdivision |
History |
| Chronological subdivision |
21st century. |
| 650 #0 - SUBJECT ADDED ENTRY--TOPICAL TERM |
| Topical term or geographic name entry element |
Architecture, Domestic |
| General subdivision |
History |
| Chronological subdivision |
21st century. |
| 740 0# - ADDED ENTRY--UNCONTROLLED RELATED/ANALYTICAL TITLE |
| Uncontrolled related/analytical title |
Architecture now! |
| 942 ## - ADDED ENTRY ELEMENTS (KOHA) |
| Source of classification or shelving scheme |
|
| Koha item type |
Book |